000 00655nam a2200193 a 4500
005 20231115063613.0
008 030204s1965 mx r 000 0 spa d
035 _aUPN01000121778
049 _aCG
050 4 _aF1415
_bC6.2 1964
111 2 _aCongreso Indigenista Interamericano
_n(5o :
_d1964 :
_cQuito)
_929003
245 1 0 _aActa final del quinto congreso indigenista interamericano, Quito, Ecuador, 19 a 24 de octubre de 1964.
260 _aMéxico :
_bIII :
_bOEA,
_c1965.
300 _a53 p.
500 _aDatos tomados de la cubierta
650 4 _aIndígenas de América Latina
_vCongresos
_913984
650 2 _aIndigenismo
_912654
905 _aLibro
999 _c93991
_d93991